000 00632nam a2200193Ia 4500
005 20250326143242.0
008 250326s9999 xx 000 0 und d
020 _a1-59147-046-3
037 _aTextbook
040 _aFMSL
_beng
_cFMSL
041 _aeng
_2eng
084 _aXobS.73 P3
_qFMSL
100 _aKasser T
_9747710
245 0 _aPsychology and consumer culture:The struggle for a goodlife in a materialistic world
_cKasser T; Kanner A D
260 _aUnited Kingdom
_bUnited Kingdom, American Psychological Association
_c2003
300 _axi,300
942 _cTB
_hXobS.73 P3
999 _c1298788
_d1298788